000
00320nam a22001457a 4500
008
240126b ||||| |||| 00| 0 eng d
020
_a
0045500274
041
_a
eng
080
_2
1981
_a
521
082
_a
521BRO
100
_a
19
101
_a
ASTRO
245
_a
THE INACCESSIBLE EARTH
_c
G.C.BROWN
942
_2
udc
_c
BK
999
_c
60557
_d
60557